000 00429nam a22001697a 4500
003 NUST - PNEC
005 20170116180905.0
008 150902b xxu||||| |||| 00| 0 eng d
020 _a9788184895537
040 _cLIBRARY
082 _a620.106 YAM
100 _96628
_aYamaguchi,H.
245 _aEngineering Fluid Mechanics
_cH. Yamaguchi
260 _cc.2008
650 _96632
_aMechnical Engineering
_xME
942 _2ddc
_cBK
999 _c65086
_d65086